[Event "aston294"]
[Site "SchemingMind.com"]
[Date "2007.02.22"]
[Round "-"]
[White "egis"]
[Black "z"]
[Result "1-0"]
[WhiteCountry "LTU"]
[BlackCountry "IRQ"]
[WhiteElo "1951"]
[WhiteRD "86"]
[BlackElo "1678"]
[BlackRD "84"]
[GameID "93120"]

1. d4 d5 2. e3 Bf5 3. Nf3 Nf6 4. Bd3 Bxd3 5. Qxd3 a6 6. O-O e6 7. Bd2 c5 8. dxc5 Bxc5 9. Nc3 O-O 10. b3 Nc6
11. Na4 Ba7 12. c4 Qe7 13. Bc3 b5 14. cxb5 axb5 15. Qxb5 Rfc8 16. Bxf6 Qxf6 17. Rac1 e5 18. Qxd5 Nb4 19. Qd2 Nc6 20. Qd7 e4
21. Nd2 Qd8 22. Qxd8+ Nxd8 23. Nxe4 Ne6 24. Nd6 Rd8 25. Rfd1 f5 26. Nxf5 Rf8 27. Ne7+ Kh8 28. Rd6 Ng5 29. Rd5 Ne4 30. Nc6 Nxf2
31. Nxa7 Rxa7 32. Rf5
1-0

[Event "aston294"]
[Site "SchemingMind.com"]
[Date "2007.02.21"]
[Round "-"]
[White "z"]
[Black "egis"]
[Result "0-1"]
[WhiteCountry "IRQ"]
[BlackCountry "LTU"]
[WhiteElo "1709"]
[WhiteRD "69"]
[BlackElo "1963"]
[BlackRD "84"]
[GameID "93126"]

1. b4 Nf6 2. e3 e5 3. Bb2 Bxb4 4. Bxe5 Nc6 5. Bb2 O-O 6. a3 Bd6 7. Nf3 b6 8. d4 a5 9. Bd3 Bb7 10. O-O Ne7
11. Nbd2 Ned5 12. c4 Ne7 13. e4 Bf4 14. e5 Nh5 15. Qc2 Bxd2 16. Nxd2 h6 17. f4 d6 18. g4 Qd7 19. Be2 Nxf4 20. Rxf4 dxe5
21. dxe5 Ng6 22. Rf5 Qc6 23. Bf3 Qc5+ 24. Kh1 Bxf3+ 25. Nxf3 Ne7 26. Rh5 Qc6 27. Kg2 Ng6 28. Kg3 Rad8 29. Re1 Rfe8 30. h4 Re7
31. g5 hxg5 32. hxg5 Red7 33. Re3 Qc5 34. Qe4 Rf8 35. Nh4 Rd1 36. Bc3 Rg1+ 37. Kh2 Rg4 38. Qxg4 Qxe3 39. Qf3 Qf4+ 40. Kh3 Qxf3+
41. Nxf3 Nf4+ 42. Kg4 Nxh5 43. Kxh5 Rd8 44. Nd4 Re8 45. Nb5 Re6 46. a4 Rc6 47. Na3 Kh7 48. Kg4 Kg6 49. Kf4 Re6 50. c5 Rc6
51. Bd4 bxc5 52. Bc3 Rb6 53. Nc4 Rb1 54. Nxa5 Rc1 55. Bd2 Ra1 56. Nb7 Rxa4+ 57. Kf3 c4 58. Nc5 Ra3+ 59. Ke2 Kf5 60. Bc1 Ra5
61. Nd7 c3 62. Kd3 Rd5+
0-1

[Event "aston294"]
[Site "SchemingMind.com"]
[Date "2007.02.24"]
[Round "-"]
[White "markakeen"]
[Black "spoke"]
[Result "1-0"]
[WhiteCountry "GBR"]
[BlackCountry "GER"]
[WhiteElo "2009"]
[WhiteRD "82"]
[BlackElo "1752"]
[BlackRD "56"]
[GameID "93555"]

1. c4 c5 2. Nc3 Nc6 3. g3 g6 4. Bg2 Bg7 5. Nf3 e6 6. O-O Nge7 7. d3 O-O 8. Bd2 d5 9. a3 dxc4 10. dxc4 b6
11. Qc2 Bb7 12. Rad1 Nf5 13. Nb5 Ncd4 14. Nfxd4 Nxd4 15. Nxd4 Bxg2 16. Nxe6 fxe6 17. Kxg2 Qe7 18. b4 Bd4 19. e3 Bg7 20. Bc3 Bxc3
21. Qxc3 cxb4 22. axb4 Rad8 23. f4 Rxd1 24. Rxd1 Rd8 25. Rd4 g5 26. c5 bxc5 27. Qxc5 Qb7+ 28. Kh3 Rd5 29. Rxd5 Qxd5 30. Qxd5 exd5
31. fxg5 Kf7 32. Kg4 Kg6 33. h4
1-0

[Event "aston294"]
[Site "SchemingMind.com"]
[Date "2007.02.23"]
[Round "-"]
[White "spoke"]
[Black "markakeen"]
[Result "0-1"]
[WhiteCountry "GER"]
[BlackCountry "GBR"]
[WhiteElo "1752"]
[WhiteRD "56"]
[BlackElo "2009"]
[BlackRD "82"]
[GameID "93562"]

1. e4 c5 2. Nf3 Nc6 3. d4 cxd4 4. Nxd4 g6 5. c4 Nf6 6. Nc3 d6 7. Be2 Nxd4 8. Qxd4 Bg7 9. Bg5 O-O 10. Qd2 a6
11. O-O Be6 12. Rad1 Qc7 13. Nd5 Bxd5 14. exd5 Ne4 15. Qe3 Nxg5 16. Qxg5 Bxb2 17. Rb1 Bd4 18. Rb3 e5 19. Rfb1 b6 20. Qf6 Rab8
21. Kf1 Qd8 22. Qxd8 Rfxd8 23. a4 a5 24. h4 h5 25. g3 f5 26. f3 Rf8 27. Kg2 f4 28. gxf4 Rxf4 29. Rh1 e4 30. Rh3 Re8
31. Rg3 Kg7 32. Kh3 Bf2
0-1

[Event "aston294"]
[Site "SchemingMind.com"]
[Date "2007.03.31"]
[Round "-"]
[White "russellhead"]
[Black "trashy"]
[Result "0-1"]
[WhiteCountry "USA"]
[BlackCountry "POR"]
[WhiteElo "1386"]
[WhiteRD "67"]
[BlackElo "2039"]
[BlackRD "98"]
[GameID "98974"]

1. e4 Nf6 2. Nf3 Nxe4 3. Bd3 Nf6 4. O-O d5 5. Re1 e6 6. Ne5 Bd6 7. Bb5+ c6 8. Ba4 O-O 9. d4 Nbd7 10. c3 Qc7
11. Nd2 Nxe5 12. dxe5 Bxe5 13. Nf3 Bd6 14. Qd3 e5 15. Bc2 e4 16. Qe3 exf3 17. Qxf3 Bg4 18. Qd3 Bxh2+ 19. Kh1 Ne4 20. Rxe4 dxe4
21. Qxe4 f5 22. Qc4+ Kh8 23. g3 Bxg3 24. Kg2 Be5 25. Bd3 b5 26. Qc5 Bd6
0-1

[Event "aston294"]
[Site "SchemingMind.com"]
[Date "2007.03.30"]
[Round "-"]
[White "trashy"]
[Black "russellhead"]
[Result "1-0"]
[WhiteCountry "POR"]
[BlackCountry "USA"]
[WhiteElo "2039"]
[WhiteRD "98"]
[BlackElo "1386"]
[BlackRD "67"]
[GameID "98980"]

1. d4 g6 2. Nf3 Nf6 3. c4 Bg7 4. Nc3 O-O 5. g3 d6 6. Bg2 Nbd7 7. O-O e5 8. h3 c6 9. b3 c5 10. dxe5 dxe5
11. Bb2 Re8 12. Qd2 a6 13. Rad1 b5 14. cxb5 axb5 15. a4 b4 16. Nb5 Rb8 17. Bxe5 Nxe5 18. Qxd8 Rxd8 19. Rxd8+ Bf8 20. Nxe5 Kg7
21. Nc6 Ra8 22. Nc7 Rxa4 23. bxa4
1-0

[Event "aston294"]
[Site "SchemingMind.com"]
[Date "2007.05.04"]
[Round "-"]
[White "Tahur"]
[Black "kisei"]
[Result "0-1"]
[WhiteCountry "ARG"]
[BlackCountry "HUN"]
[WhiteElo "1530"]
[WhiteRD "58"]
[BlackElo "1880"]
[BlackRD "92"]
[GameID "103684"]

1. e4 c5 2. Nf3 d6 3. Nc3 Nf6 4. Bb5+ Bd7 5. Bxd7+ Qxd7 6. d3 Nc6 7. h3 e6 8. Bg5 Be7 9. O-O O-O 10. Qd2 Nd4
11. Nxd4 cxd4 12. Ne2 h6 13. Bh4 Nxe4 14. dxe4 Bxh4 15. Qxd4 Bf6 16. Qb4 a5 17. Qb3 Qc6 18. f3 a4 19. Qa3 Qxc2 20. Rfe1 Bxb2
21. Qxd6 Bxa1 22. a3 Rfd8 23. Qf4 Rd1 24. Rxd1 Qxd1+ 25. Kf2 Rc8 26. Qe3 Rc2 27. h4 Bd4 28. Qxd4 Qxd4+ 29. Kf1 Qd1+ 30. Kf2 Qxe2+
31. Kg3 Qxg2+
0-1

[Event "aston294"]
[Site "SchemingMind.com"]
[Date "2007.05.04"]
[Round "-"]
[White "kisei"]
[Black "Tahur"]
[Result "1-0"]
[WhiteCountry "HUN"]
[BlackCountry "ARG"]
[WhiteElo "1880"]
[WhiteRD "92"]
[BlackElo "1530"]
[BlackRD "58"]
[GameID "103687"]

1. e4 e5 2. f4 exf4 3. Nf3 Nf6 4. e5 Nd5 5. c4 Nb4 6. d4 d6 7. Qa4+ N8c6 8. d5 dxe5 9. dxc6 Nxc6 10. Be2 Bd7
11. Nc3 Nd4 12. Qd1 Nxe2 13. Qxe2 f6 14. Bxf4 Bg4 15. O-O Bc5+ 16. Be3 Bxe3+ 17. Qxe3 O-O 18. Rad1 Qe7 19. Nd5 Qf7 20. Nxe5 Qh5
21. Nxg4 Qxg4 22. Nxc7 Rac8 23. Rd4 Qg6 24. Nd5 Rfe8 25. Ne7+ Rxe7 26. Qxe7 Re8 27. Rd8 Rxd8 28. Qxd8+ Kf7 29. Qd7+ Kf8 30. Re1 a5
31. Qd6+ Kf7 32. Re7+ Kf8 33. Qd8+
1-0

[Event "aston294"]
[Site "SchemingMind.com"]
[Date "2007.05.23"]
[Round "-"]
[White "egis"]
[Black "Alikabok"]
[Result "1/2-1/2"]
[WhiteCountry "LTU"]
[BlackCountry "PHI"]
[WhiteElo "1998"]
[WhiteRD "75"]
[BlackElo "1931"]
[BlackRD "82"]
[GameID "105840"]

1. d4 c5 2. dxc5 e6 3. Be3 Qc7 4. Qd4 Nc6 5. Qc4 Nf6 6. Nd2 Ne5 7. Qf4 Nd5 8. Qe4 f5 9. Qa4 Nxe3 10. fxe3 Bxc5
11. h3 Bxe3 12. O-O-O O-O 13. Nf3 a6 14. Nxe5 Qxe5 15. Kb1 b5 16. Qh4 Qf6 17. Qxf6 Rxf6 18. Nf3 d5 19. g4 Bd7 20. Ne5 Be8
21. Bg2 Rc8 22. gxf5 Rxf5 23. Ng4 Bg5 24. e4 dxe4 25. Bxe4 Rfc5 26. Rd6 Bc6 27. Bxc6 R5xc6 28. Rxc6 Rxc6 29. Re1 Bf4 30. a4 Rd6
31. Re4 Bg3 32. Re3 Bh4 33. axb5 axb5 34. Re5 Rb6 35. c3 Bf6 36. Rc5 Kf7 37. Kc2 b4 38. Nxf6 gxf6 39. c4 Rb7 40. Rh5 Ke8
41. Kb3 e5 42. Rh6 Rf7 43. Kxb4 e4 44. Kc3 f5 45. Re6+ Re7 46. Rxe7+ Kxe7=
1/2-1/2

[Event "aston294"]
[Site "SchemingMind.com"]
[Date "2007.05.20"]
[Round "-"]
[White "Alikabok"]
[Black "egis"]
[Result "1/2-1/2"]
[WhiteCountry "PHI"]
[BlackCountry "LTU"]
[WhiteElo "1973"]
[WhiteRD "82"]
[BlackElo "1969"]
[BlackRD "79"]
[GameID "105849"]

1. e4 c5 2. Nf3 Nc6 3. d4 cxd4 4. Nxd4 Qa5+ 5. Nc3 Nxd4 6. Qxd4 e6 7. Bd2 Nf6 8. Nb5 Qd8 9. Bg5 a6 10. e5 Be7
11. exf6 gxf6 12. Nd6+ Bxd6 13. Bxf6 Bc5 14. Qf4 Bd6 15. Qh6 Bf8 16. Bg7 Rg8 17. Bxf8 Rxf8 18. Bd3 b5 19. O-O-O Bb7 20. f3 Qc7
21. Bxh7 O-O-O 22. Qg7 f5 23. Rd3 d5 24. Qxc7+ Kxc7 25. Bg6 Rf6 26. Bh5 Rh8 27. g4 Bc6 28. Re1 Kd6 29. h3 a5 30. f4 fxg4
31. Bxg4 a4 32. a3 Rhf8 33. Rde3 Rxf4 34. Rxe6+ Kc5 35. R6e5 Kd6 36. Re6+ Kc5 37. c3 Bd7 38. Rg6 Bxg4 39. hxg4 Rf2 40. Rge6=
1/2-1/2

[Event "aston294"]
[Site "SchemingMind.com"]
[Date "2007.07.12"]
[Round "-"]
[White "Cruyce"]
[Black "trashy"]
[Result "1/2-1/2"]
[WhiteCountry "BEL"]
[BlackCountry "POR"]
[WhiteElo "2223"]
[WhiteRD "73"]
[BlackElo "2011"]
[BlackRD "94"]
[GameID "112623"]

1. d4 Nf6 2. Nf3 d5 3. c4 c6 4. Nc3 g6 5. Bg5 Bg7 6. e3 O-O 7. Bd3 Be6 8. c5 Bg4 9. O-O Nbd7 10. h3 Bxf3
11. Qxf3 e5 12. Bc2 exd4 13. exd4 Re8 14. b4 Nf8 15. b5 Ne6 16. Be3 Qa5 17. Ne2 Qxb5 18. Rfb1 Qa6 19. a4 Re7 20. a5 Ne4
21. Ra3 b5 22. cxb6 Rb8 23. Bd3 Qc8 24. Bxe4 dxe4 25. Qxe4 axb6 26. Rxb6 Rxb6 27. axb6 Rb7 28. Rb3 Qd7 29. Kh2 Bf6 30. f4 Ng7
31. g4 Bd8 32. Kg2= Rxb6 33. Rd3 Rb2 34. Rd2 Rxd2 35. Bxd2 h5 36. Kf3 hxg4+ 37. hxg4 f5 38. gxf5 Nxf5 39. Be1 Bf6 40. Bf2 Kg7
41. Kg2 Ne7 42. Ng3 Qg4 43. Qf3 Qe6 44. Qe4 Qxe4+ 45. Nxe4 Nf5 46. Ng5 Bxg5 47. fxg5 Kf7 48. Kf3 Ke6 49. Ke4 Nd6+ 50. Kd3 Kd5
51. Be3 Ne4 52. Bf4 Nf2+ 53. Kc3 Ke4 54. Be5 Kf5 55. Kc4 Ne4 56. Bb8 Nxg5 57. Kc5 Ne6+ 58. Kxc6 Nxd4+ 59. Kd5 Ne2 60. Bh2 g5
61. Kc4 Ke4 62. Kc5 g4 63. Kd6 Nd4 64. Ke7 Kf5 65. Kd6 Ke4 66. Ke7 Nf3 67. Bg3 Nd2 68. Kf6 Ke3 69. Kg5 Kf3 70. Bb8 Ne4+=
1/2-1/2

[Event "aston294"]
[Site "SchemingMind.com"]
[Date "2007.07.13"]
[Round "-"]
[White "trashy"]
[Black "Cruyce"]
[Result "0-1"]
[WhiteCountry "POR"]
[BlackCountry "BEL"]
[WhiteElo "2064"]
[WhiteRD "98"]
[BlackElo "2180"]
[BlackRD "72"]
[GameID "112625"]

1. d4 d6 2. Nf3 f5 3. c4 c6 4. Nc3 Qc7 5. e4 e5 6. dxe5 dxe5 7. Be2 Nf6 8. O-O Bb4 9. Qc2 f4 10. a3 Bd6
11. b4 O-O 12. c5 Be7 13. Ng5 h6 14. Bc4+ Kh8 15. Ne6 Bxe6 16. Bxe6 a5 17. Bb2 Nbd7 18. Rfe1 Nh7 19. Rad1 Rad8 20. Na4 Ng5
21. Bxd7 Rxd7 22. Rxd7 Qxd7 23. Bxe5 f3 24. Qc4 Qg4 25. Bg3 fxg2 26. Kxg2 Qh3+ 27. Kh1 Nf3 28. Qf1 Qh5 29. Re3 Bg5 30. Rd3 Bf4
31. Qd1 Bxg3
0-1

[Event "aston294"]
[Site "SchemingMind.com"]
[Date "2007.11.10"]
[Round "-"]
[White "markakeen"]
[Black "Alikabok"]
[Result "0-1"]
[WhiteCountry "GBR"]
[BlackCountry "PHI"]
[WhiteElo "2015"]
[WhiteRD "79"]
[BlackElo "1941"]
[BlackRD "87"]
[GameID "127705"]

1. d4 Nf6 2. c4 g6 3. Nc3 d5 4. cxd5 Nxd5 5. e4 Nxc3 6. bxc3 Bg7 7. Nf3 c5 8. Rb1 O-O 9. Be2 cxd4 10. cxd4 Qa5+
11. Bd2 Qxa2 12. O-O a5 13. Bg5 Qe6 14. Re1 Na6 15. Qa4 Nc7 16. Bc4 Qd6 17. e5 Qd8 18. h3 h6 19. Bh4 b5 20. Bxb5 Nxb5
21. Qxb5 g5 22. Bg3 Be6 23. Red1 Bd5 24. Nh2 e6 25. Qa4 Ra6 26. Rdc1 Qa8 27. f3 Rc8 28. Nf1 Rac6 29. Rxc6 Bxc6 30. Qa2 Bd5
31. Qa4 Bf8 32. Be1 Rc4 33. Qxa5 Rxd4 34. Qxa8 Bxa8 35. Rb8 Bd5 36. Bc3 Rc4 37. Bb2 Kg7 38. Ne3 Bc5 39. Rb3 Rc2 40. Ba3 Bxb3
0-1

[Event "aston294"]
[Site "SchemingMind.com"]
[Date "2007.11.10"]
[Round "-"]
[White "Alikabok"]
[Black "markakeen"]
[Result "1/2-1/2"]
[WhiteCountry "PHI"]
[BlackCountry "GBR"]
[WhiteElo "1941"]
[WhiteRD "87"]
[BlackElo "2015"]
[BlackRD "79"]
[GameID "127709"]

1. d4 Nf6 2. c4 g6 3. Nc3 Bg7 4. e4 d6 5. Be2 O-O 6. Bg5 Na6 7. f4 c6 8. Nf3 Nc7 9. Bh4 b5 10. e5 Nfe8
11. O-O Rb8 12. cxb5 Nxb5 13. Nxb5 cxb5 14. a4 a6 15. axb5 axb5 16. Ra7 Nc7 17. Qc2 Rb7 18. Rfa1 Qd7 19. Qd2 Nd5 20. Rxb7 Bxb7
21. Ne1 Bh6 22. g3 Ra8 23. Rxa8+ Bxa8 24. Qa5 Bc6 25. Nf3 Ne3 26. Kf2 Ng4+ 27. Ke1 Bxf3 28. Bxf3 Nxh2 29. Be2 dxe5 30. dxe5 Ng4
31. Bxg4 Qxg4 32. Qd8+ Bf8 33. Bxe7 Qxg3+ 34. Kd1 Qf3+ 35. Kc2 Qe4+ 36. Kd1 Qf3+=
1/2-1/2

[Event "aston294"]
[Site "SchemingMind.com"]
[Date "2007.12.20"]
[Round "-"]
[White "kisei"]
[Black "Cruyce"]
[Result "1-0"]
[WhiteCountry "HUN"]
[BlackCountry "BEL"]
[WhiteElo "2098"]
[WhiteRD "70"]
[BlackElo "2219"]
[BlackRD "73"]
[GameID "134254"]

1. e4 c5 2. Nf3 e6 3. d4 cxd4 4. Nxd4 Nc6 5. Nc3 Qc7 6. Be3 a6 7. Qd2 Nf6 8. f3 Ne5 9. O-O-O b5 10. f4 Nc4
11. Bxc4 Qxc4 12. b3 Qc7 13. e5 b4 14. exf6 bxc3 15. Qe1 gxf6 16. Kb1 Bb7 17. Rg1 a5 18. Nb5 Qc6 19. a4 Rc8 20. Na7 Qc7
21. Nxc8 Qxc8 22. Bd4 Bb4 23. Bxf6 Rg8 24. f5 Bc6 25. Qh4 Bxa4 26. Qxh7 Rf8 27. fxe6 fxe6 28. Qg6+ Rf7 29. Rgf1 Bxb3 30. Be5
1-0

[Event "aston294"]
[Site "SchemingMind.com"]
[Date "2007.12.20"]
[Round "-"]
[White "Cruyce"]
[Black "kisei"]
[Result "1/2-1/2"]
[WhiteCountry "BEL"]
[BlackCountry "HUN"]
[WhiteElo "2219"]
[WhiteRD "73"]
[BlackElo "2098"]
[BlackRD "70"]
[GameID "134261"]

1. d4 Nf6 2. c4 c5 3. d5 e6 4. Nc3 exd5 5. cxd5 d6 6. Nf3 g6 7. Bf4 Bg7 8. Qa4+ Bd7 9. Qb3 Qc7 10. e4 O-O
11. Nd2 Nh5 12. Be3 f5 13. exf5 Bxf5 14. Be2 Be5 15. Nc4 Nf4 16. Nxe5 dxe5 17. Bxf4 exf4 18. d6+ Qf7 19. Bc4 Re8+ 20. Kd2 Be6
21. Rae1 Bxc4 22. Rxe8+ Qxe8 23. Qxc4+ Qf7 24. Qxf7+ Kxf7 25. Re1 Nc6 26. Ne4 Rd8 27. Kc3 b6 28. g3 fxg3 29. fxg3 Nd4 30. Ng5+ Kg7
31. Re7+ Kf6 32. Nxh7+ Kf5 33. Rxa7=
1/2-1/2

[Event "aston294"]
[Site "SchemingMind.com"]
[Date "2008.04.02"]
[Round "-"]
[White "kisei"]
[Black "Alikabok"]
[Result "1-0"]
[WhiteCountry "HUN"]
[BlackCountry "PHI"]
[WhiteElo "2093"]
[WhiteRD "76"]
[BlackElo "1936"]
[BlackRD "90"]
[GameID "148375"]

1. e4 Nf6 2. e5 Nd5 3. d4 d6 4. c4 Nb6 5. f4 dxe5 6. fxe5 c5 7. d5 e6 8. Nc3 exd5 9. cxd5 c4 10. Nf3 Bb4
11. Bxc4 Bxc3+ 12. bxc3 Nxc4 13. Qa4+ Nd7 14. Qxc4 Nb6 15. Qb5+ Qd7 16. Qxd7+ Bxd7 17. d6 Rc8 18. Bb2 Na4 19. Rb1 b5 20. O-O Nxb2
21. Rxb2 Rxc3 22. Ng5 Re3 23. Rxf7 Rf8 24. Re7+
1-0

[Event "aston294"]
[Site "SchemingMind.com"]
[Date "2008.03.31"]
[Round "-"]
[White "Alikabok"]
[Black "kisei"]
[Result "1/2-1/2"]
[WhiteCountry "PHI"]
[BlackCountry "HUN"]
[WhiteElo "1958"]
[WhiteRD "95"]
[BlackElo "2061"]
[BlackRD "79"]
[GameID "148383"]

1. d4 Nf6 2. c4 c5 3. d5 e6 4. Nc3 exd5 5. cxd5 d6 6. e4 g6 7. f4 Bg7 8. Bb5+ Nfd7 9. a4 O-O 10. Nf3 a6
11. Be2 Re8 12. O-O Nf8 13. Kh1 Bxc3 14. bxc3 Rxe4 15. Bd3 Re8 16. c4 b6 17. Bb2 Bg4 18. Qd2 Bxf3 19. Rxf3 Nbd7 20. f5 Ne5
21. f6 Nfd7 22. Raf1 Nxf3 23. Rxf3 Re5 24. Bxe5 Nxe5 25. Rf1 Qe8 26. Qh6 Qf8 27. Qd2 Nxd3 28. Qxd3 Re8 29. Qb3 Rb8 30. Re1 Re8
31. Rf1 Qh6 32. Qg3 Re5 33. h3 Qf8 34. Re1 Rxe1+ 35. Qxe1 Qd8 36. Qe7 Qb8 37. Qd7 h5 38. g4 hxg4 39. hxg4 Kf8 40. Qe7+ Kg8
41. Qd7 Qf8 42. g5=
1/2-1/2